La muerte le sienta bien a Villalobos

Uloženo v:
Podrobná bibliografie
Hlavní autor: Alcántara, Francisco José
Médium: Kniha
Jazyk:Undetermined
Vydáno: Barcelona, España diciones Destino 1957
Vydání:4
Témata:
Tagy: Přidat tag
Žádné tagy, Buďte první, kdo vytvoří štítek k tomuto záznamu!

MARC

LEADER 00000nam a2200000Ia 4500
008 170316s9999 xx 000 0 und d
040 |a cru BVZT 
090 |a 862 A-13.1m 
100 |a Alcántara, Francisco José 
245 |a La muerte le sienta bien a Villalobos 
250 |a 4 
260 |a Barcelona, España 
260 |b diciones Destino 
260 |c 1957 
300 |a 267 páginas 
650 |a LITERATURA ESPAÑOLA 
999 |c 9361  |d 9361 
942 |c 15 D  |h 862 A-13.1m  |2 z